Guess the 1960s song lyrics #296 - Statistics

General Stats
  • This quiz has been taken 12 times
  • The average score is 95 of 168
Answer Stats
Answer % Correct
a
90%
I
90%
the
90%
you
90%
and
80%
Can't
80%
can't
80%
of
80%
say
80%
to
80%
Who
80%
your
80%
be
70%
day
70%
do
70%
get
70%
it
70%
me
70%
that
70%
what
70%
Gonna
60%
her
60%
I'll
60%
in
60%
just
60%
know
60%
my
60%
no
60%
No
60%
one
60%
see
60%
think
60%
try
60%
up
60%
will
60%
without
60%
you're
60%
am
50%
Andy Williams
50%
anything
50%
every
50%
life
50%
live
50%
matter
50%
only
50%
some
50%
there's
50%
use
50%
used
50%
could
40%
Couldn't
40%
find
40%
girl
40%
heard
40%
losin
40%
Loving
40%
take
40%
whole
40%
else
30%
empty
30%
gone
30%
Hello
30%
Though
30%
through
30%
After
20%
avenue
20%
Cause
20%
crowded
20%
Guess
20%
hangin
20%
kiddin
20%
place
20%
round
20%
somebody
20%
wait
20%
Called
10%
case
10%
dressed
10%
hopeless
10%
Since
10%
town
10%
happens
0%
No matching quizzes found
Score Distribution
Percent of People with Each Score
Percentile by Number Answered
Your Score History
You have not taken this quiz